书目信息 |
| 题名: |
中国农村的环保抗争
|
|
| 作者: | 邓燕华 著 | |
| 分册: | ||
| 出版信息: | 北京 中国社会科学出版社 2016 |
|
| 页数: | 237页 | |
| 开本: | 24cm | |
| 丛书名: | 社会学丛书 | |
| 单 册: | ||
| 中图分类: | X322.2 | |
| 科图分类: | ||
| 主题词: | 农业环境--nong ye huan jing--环境保护--研究--中国 | |
| 电子资源: | ||
| ISBN: | 978-7-5161-8826-2 | |
| 000 | 01191nam0 22002771 450 | |
| 001 | 1738603041 | |
| 005 | 20170627164621.0 | |
| 010 | @a978-7-5161-8826-2@dCNY58.00 | |
| 100 | @a20170508d2016 em y0chiy50 ea | |
| 101 | 0 | @achi |
| 102 | @aCN@b110000 | |
| 105 | @ay z 000yy | |
| 106 | @ar | |
| 200 | 1 | @a中国农村的环保抗争@9zhong guo nong cun de huan bao kang zheng@e以华镇事件为例@f邓燕华著 |
| 210 | @a北京@c中国社会科学出版社@d2016 | |
| 215 | @a237页@d24cm | |
| 225 | 2 | @a社会学丛书@9she hui xue cong shu |
| 300 | @a本书为国家社科基金重大招标课题 “我国刚性社会矛盾趋势分析与化解对策研究”的阶段性成果 | |
| 330 | @a本研究以华镇事件为个案,探讨当代中国农民环保集体抗争获胜的机制。本研究的核心发现是﹕华镇农民之所以能成功地迫使地方政府关闭严重污染环境的化工园﹐是因为他们把“抗毒”与“反贪”这两个框释有机联合起来,巧妙利用村庄正式社会组织为动员结构,创造性开发属于老年人的抗争机会。 | |
| 461 | 0 | @12001 @a社会学丛书 |
| 517 | 1 | @a以华镇事件为例@9yi hua zhen shi jian wei li |
| 606 | 0 | @a农业环境@9nong ye huan jing@x环境保护@x研究@y中国 |
| 690 | @aX322.2@v5 | |
| 701 | 0 | @a邓燕华@9deng yan hua@4著 |
| 801 | 0 | @aCN@bTANGWEI@c20170621 |
| 905 | @b1015789-94@dX322.2@e212@f6 | |
| 中国农村的环保抗争:以华镇事件为例/邓燕华著.-北京:中国社会科学出版社,2016 |
| 237页;24cm.-(社会学丛书) |
| 本书为国家社科基金重大招标课题 “我国刚性社会矛盾趋势分析与化解对策研究”的阶段性成果 |
| ISBN 978-7-5161-8826-2:CNY58.00 |
| 本研究以华镇事件为个案,探讨当代中国农民环保集体抗争获胜的机制。本研究的核心发现是﹕华镇农民之所以能成功地迫使地方政府关闭严重污染环境的化工园﹐是因为他们把“抗毒”与“反贪”这两个框释有机联合起来,巧妙利用村庄正式社会组织为动员结构,创造性开发属于老年人的抗争机会。 |
| ● |
| 相关链接 |
|
|
|
|
正题名:中国农村的环保抗争
索取号:X322.2/212
 
预约/预借
| 序号 | 登录号 | 条形码 | 馆藏地/架位号 | 状态 | 备注 |
| 1 | 1015789 | 210157890 | 第二样本阅览室/ [索取号:X322.2/212] | 在馆 | |
| 2 | 1015790 | 210157907 | 教育系资料室/ [索取号:X322.2/212] | 在馆 | |
| 3 | 1015791 | 210157916 | 教育系资料室/ [索取号:X322.2/212] | 在馆 | |
| 4 | 1015792 | 210157925 | 教育系资料室/ [索取号:X322.2/212] | 在馆 | |
| 5 | 1015793 | 210157934 | 第三借阅区/ [索取号:X322.2/212] | 在馆 | |
| 6 | 1015794 | 210157943 | 第三借阅区/ [索取号:X322.2/212] | 在馆 |